| 000 | 00349 a2200133 4500 | ||
|---|---|---|---|
| 003 | OSt | ||
| 005 | 20180116182713.0 | ||
| 008 | 160816b xxu||||| |||| 00| 0 eng d | ||
| 040 | _c0 | ||
| 100 | _aM.Raziullah Azmi | ||
| 245 | _aPakiatan American Relations The Recent Past. | ||
| 260 |
_aRoyal Book Company _c1994 |
||
| 942 |
_aNBS _cBK _k954.91 PAK _2ddc |
||
| 999 |
_c344467 _d344467 |
||